000 00771nam a2200253 i 4500
001 bgj
100 1 _aHOFMANNSTHAL, Hugo von.
245 1 0 _aGesammelte Werke :
_bin zehn Einzelbänden /
_cHugo von Hofmannsthal ; [hrsg. von Bernd Schoeller in Beratung mit Rudolf Hirsch].
246 1 0 _aReden und Aufsätze I :
_b1891-1913.
260 _aFrankfurt am Main :
_bS. Fischer Taschenbuch Verlag,
_c1979.
300 _a688 s. ;
_c18 cm.
504 _aBibliogr. s. 651-673.
650 9 _aLiteratura niemiecka
700 1 _aSCHOELLER, Bernd.
700 1 _aHIRSCH, Rudolf.
020 _a3596221668
040 _cBPK
041 0 _ager
044 _aDEU
080 _a821.112.2
920 _a3-596-22166-8
942 _cKS
008 s gw f |000 0 ger
999 _c50535
_d50535
856 _uhttp://koha.tu.koszalin.pl/cgi-bin/koha/opac-detail.pl?biblionumber=50535
_yKatalog online BPK